Como aplicar a CLT ̉luz da Constituiȯ̂: Alternativas para os que militam no foro trabalhista

Bibliographic Details
Main Author: Tl︢io Viana, Mr̀cio
Format: Book
Language:Portuguese
Published: Brasil LTR 2016
Subjects:
Online Access:Acceso restringido

MARC

LEADER 00000nam a22000007a 4500
005 20160613121343.0
007 cr|||| ||u|
008 160613s2016 bl ||||| |||| 00||0 por d
020 |a 978-85-361-8781-5 
035 |a 14312 
040 |a vLex 
090 |c 6186  |d 6186 
100 1 |a Tl︢io Viana, Mr̀cio 
245 1 0 |a Como aplicar a CLT ̉luz da Constituiȯ̂: Alternativas para os que militam no foro trabalhista  |h [Recurso electrn̤ico] /  |c Mr̀cio Tl︢io Viana  
256 |a Servicio en ln̕ea  
260 |a Brasil  |b LTR  |c 2016 
300 |a 1 recurso electrn̤ico 
506 1 |a Contenido solo disponible en los productos indicados  |d vLex Global  |d vLex Global (Academic Edition, excluding Law Schools)  |d vLex Global (U.S. Academic Edition, Law Schools)  |d vLex Global (U.S. Academic Edition, excluding Law Schools)  |d vLex Global (Academic Edition, Law Schools) 
650 0 4 |a Derecho  |z Brasil 
740 0 |a vLex libros (servicio en ln̕ea) 
856 4 0 |u http://vlex.com/source/como-aplicar-clt-luz-constitui-o-14312  |z Acceso restringido 
942 |c BOOK 
999 0 |a Law  |b Brasil